[Event "HUN-chT2 Erkel 1819"]
[Site "Hungary"]
[Date "2019.04.28"]
[Round "9.9"]
[White "Solti, Gergely"]
[Black "Vass, Istvan"]
[Result "0-1"]
[WhiteElo "1733"]
[BlackElo "2051"]
[PlyCount "96"]
[EventDate "2018.10.28"]
[EventType "team-tourn"]
[EventRounds "9"]
[EventCountry "HUN"]
[SourceTitle "EXT 2021"]
[Source "ChessBase"]
[SourceDate "2020.10.23"]
[SourceVersion "1"]
[SourceVersionDate "2020.10.23"]
[SourceQuality "1"]
[WhiteTeam "Vac"]
[BlackTeam "Varosgazda Akademia"]
[WhiteTeamCountry "HUN"]
[BlackTeamCountry "HUN"]

1. e4 c5 2. d4 cxd4 3. c3 dxc3 4. Nxc3 Nc6 5. Nf3 d6 6. Bc4 e6 7. 0-0 Nf6 8. Qe2 Be7 9. Rd1 Ng4 10. Bf4 e5 11. Bg3 h5 12. h4 a6 13. Nd5 Be6 14. Nxe7 Qxe7 15. Bxe6 Qxe6 16. Qd3 Rd8 17. Ng5 Qe7 18. f4 exf4 19. Bxf4 Nce5 20. Qg3 b5 21. Rd5 Qa7+ 22. Kh1 Nf2+ 23. Kg1 Neg4 24. Kf1 0-0 25. Rd2 Rfe8 26. Re1 Nh1 27. Qd3 Nhf2 28. Qd4 Qxd4 29. Rxd4 d5 30. Bg3 Nxe4 31. Nxe4 dxe4 32. Rexe4 Rxd4 33. Rxe8+ Kh7 34. Ke2 Ra4 35. a3 Kg6 36. Kf3 f6 37. Bd6 Rd4 38. Bc7 Kf5 39. g3 Rd2 40. Re2 Rxe2 41. Kxe2 Ne5 42. b3 Ke4 43. Bd6 Nf3 44. Kf2 Nd4 45. Bf8 g6 46. Bg7 Kf5 47. Bf8 Nxb3 48. Ke3 Na5 0-1

[Event "HUN-chT2 Erkel 1718"]
[Site "Hungary"]
[Date "2017.12.17"]
[Round "6.3"]
[White "Molnar, Jozsef2222"]
[Black "Vass, Istvan"]
[Result "1-0"]
[WhiteElo "2126"]
[BlackElo "2058"]
[PlyCount "81"]
[EventDate "2017.09.24"]
[EventType "team-tourn"]
[EventRounds "11"]
[EventCountry "HUN"]
[SourceTitle "EXT 2021"]
[Source "ChessBase"]
[SourceDate "2020.10.23"]
[SourceVersion "1"]
[SourceVersionDate "2020.10.23"]
[SourceQuality "1"]
[WhiteTeam "Budapest MTK II"]
[BlackTeam "Budapest MAFC"]
[WhiteTeamCountry "HUN"]
[BlackTeamCountry "HUN"]

1. e4 c5 2. Nf3 e6 3. c3 Nc6 4. d4 cxd4 5. cxd4 d5 6. Nc3 Bb4 7. e5 Nge7 8. Bd3 Nf5 9. Bxf5 exf5 10. 0-0 0-0 11. Bg5 Qa5 12. Ne2 Be6 13. a3 Be7 14. b4 Qd8 15. Bxe7 Nxe7 16. Qd2 Nc8 17. Rfc1 Nb6 18. Rc3 Rc8 19. Rac1 Rc4 20. Qf4 h6 21. h4 Qd7 22. Nd2 Rxc3 23. Rxc3 Kh7 24. Rg3 Qa4 25. Kh2 Qd1 26. Nc3 Qc1 27. Nb5 Nc4 28. Rd3 g6 29. Nd6 Nxa3 30. g3 b6 31. Qf3 Nc2 32. Nb3 Qe1 33. Rc3 Nxb4 34. Rc1 Qxc1 35. Nxc1 a5 36. Qb3 g5 37. hxg5 hxg5 38. Nd3 Nxd3 39. Qxd3 Kg6 40. g4 Rh8+ 41. Kg3 1-0

[Event "HUN-chT2 Erkel 1617"]
[Site "Hungary"]
[Date "2017.03.12"]
[Round "10.4"]
[White "Vass, Istvan"]
[Black "Sinka, Istvan"]
[Result "0-1"]
[WhiteElo "2063"]
[BlackElo "2248"]
[PlyCount "69"]
[EventDate "2016.09.25"]
[EventType "team-tourn"]
[EventRounds "11"]
[EventCountry "HUN"]
[SourceTitle "EXT 2021"]
[Source "ChessBase"]
[SourceDate "2020.10.23"]
[SourceVersion "1"]
[SourceVersionDate "2020.10.23"]
[SourceQuality "1"]
[WhiteTeam "Budapest MAFC"]
[BlackTeam "Jaszbereny"]
[WhiteTeamCountry "HUN"]
[BlackTeamCountry "HUN"]

1. e4 e6 2. Qe2 c5 3. b3 Nc6 4. Bb2 Nf6 5. e5 Nd5 6. g3 Be7 7. Bg2 0-0 8. Nf3 f6 9. 0-0 fxe5 10. Nxe5 Bf6 11. Nxc6 bxc6 12. Bxf6 Qxf6 13. Bxd5 cxd5 14. Nc3 a5 15. a4 Ba6 16. Nb5 d4 17. d3 Bb7 18. f4 Qh6 19. Nd6 Bd5 20. Rae1 Rf6 21. Ne4 Rg6 22. Qf2 Rc8 23. Nd6 Rf8 24. Nc4 Qh3 25. Re2 h5 26. Ne5 Rh6 27. Nxd7 Rf5 28. Nxc5 g5 29. Nxe6 Rxe6 30. Rxe6 Bxe6 31. Qxd4 Bd5 32. Rf2 gxf4 33. Qb6 Kh7 34. Qc7+ Rf7 35. Qxa5 0-1

[Event "HUN-chT2 Erkel 1516"]
[Site "Hungary"]
[Date "2016.04.17"]
[Round "11.4"]
[White "Szabo, Zsolt"]
[Black "Vass, Istvan"]
[Result "1-0"]
[WhiteElo "2281"]
[BlackElo "2066"]
[PlyCount "81"]
[EventDate "2015.09.13"]
[EventType "team-tourn"]
[EventRounds "11"]
[EventCountry "HUN"]
[SourceTitle "EXT 2017"]
[Source "ChessBase"]
[SourceDate "2016.10.25"]
[SourceVersion "1"]
[SourceVersionDate "2016.10.25"]
[SourceQuality "1"]
[WhiteTeam "HASE"]
[BlackTeam "MAFC"]
[WhiteTeamCountry "HUN"]
[BlackTeamCountry "HUN"]

1. d4 Nf6 2. c4 g6 3. Nc3 Bg7 4. Bg5 h6 5. Bh4 d6 6. e3 Nbd7 7. Be2 c6 8. Qc2 0-0 9. Nf3 Qa5 10. a3 e5 11. 0-0 Re8 12. b4 Qc7 13. Rad1 Nf8 14. h3 g5 15. Bg3 g4 16. hxg4 Bxg4 17. c5 Bxf3 18. Bxf3 dxc5 19. Bxe5 Rxe5 20. dxe5 Qxe5 21. bxc5 Qxc5 22. Qb3 Qe7 23. Rb1 Rb8 24. Bxc6 Ng4 25. Bf3 Ne5 26. Be2 Ne6 27. Nd5 Qh4 28. Qb4 Qxb4 29. axb4 Rd8 30. Rfd1 Kf8 31. Rbc1 Nc6 32. b5 Ne7 33. Nxe7 Kxe7 34. Rxd8 Kxd8 35. Bf3 Nc7 36. Rb1 b6 37. Bc6 a6 38. bxa6 Nxa6 39. Rxb6 Nc5 40. Rb5 Bf8 41. Rb8+ 1-0

[Event "Perenyi Memorial"]
[Site "Budapest"]
[Date "2016.01.14"]
[Round "8"]
[White "Vass, Istvan"]
[Black "Kovacsy, Barnabas"]
[Result "1-0"]
[WhiteElo "2046"]
[BlackElo "1943"]
[PlyCount "67"]
[EventDate "2016.01.06"]
[EventType "swiss"]
[EventRounds "9"]
[EventCountry "HUN"]
[SourceTitle "CBM 170 Extra"]
[Source "ChessBase"]
[SourceDate "2016.02.25"]
[SourceVersion "1"]
[SourceVersionDate "2016.02.25"]
[SourceQuality "1"]

1. e4 c5 2. Nf3 e6 3. d4 cxd4 4. Nxd4 Nc6 5. Nc3 Qc7 6. g3 a6 7. Bg2 Nf6 8. 0-0 Nxd4 9. Qxd4 Bc5 10. Qd1 0-0 11. Bg5 Be7 12. Qe2 d6 13. a4 h6 14. Be3 Nd7 15. a5 b6 16. axb6 Nxb6 17. e5 d5 18. Qg4 Kh8 19. Qh5 Nc4 20. Bf4 Bb7 21. Rfe1 Nxb2 22. Bxh6 gxh6 23. Qxh6+ Kg8 24. Nd1 Nxd1 25. Raxd1 Qc4 26. c3 Qxc3 27. Re3 Qc4 28. Red3 Bc5 29. Qg5+ Kh8 30. g4 Bxf2+ 31. Kxf2 Qc2+ 32. Kf1 f6 33. Qh6+ Kg8 34. Qg6+ 1-0

[Event "Perenyi Memorial"]
[Site "Budapest"]
[Date "2016.01.11"]
[Round "5"]
[White "Bensaid, Simon"]
[Black "Vass, Istvan"]
[Result "1/2-1/2"]
[WhiteElo "1810"]
[BlackElo "2046"]
[PlyCount "98"]
[EventDate "2016.01.06"]
[EventType "swiss"]
[EventRounds "9"]
[EventCountry "HUN"]
[SourceTitle "CBM 170 Extra"]
[Source "ChessBase"]
[SourceDate "2016.02.25"]
[SourceVersion "1"]
[SourceVersionDate "2016.02.25"]
[SourceQuality "1"]

1. e4 c5 2. Nf3 d6 3. d4 cxd4 4. Nxd4 Nf6 5. Nc3 a6 6. Qf3 e5 7. Nf5 Bxf5 8. Qxf5 Nc6 9. Bd3 Nd4 10. Qh3 Be7 11. Be3 h6 12. f4 Qd7 13. Qxd7+ Nxd7 14. Bxd4 exd4 15. Ne2 Bf6 16. h4 h5 17. Ng3 g6 18. 0-0-0 Rc8 19. Ne2 Ke7 20. Ng1 Rc5 21. Nf3 Rhc8 22. Rd2 b5 23. Re1 Kf8 24. Rde2 Re8 25. Rd2 Kg7 26. g3 Nb8 27. Bf1 Nc6 28. Bh3 Re7 29. g4 hxg4 30. Bxg4 Nb4 31. a3 Nc6 32. Kb1 a5 33. Ree2 a4 34. Ne1 Bxh4 35. Nd3 Rc4 36. Rh2 Bf6 37. Be2 Rxe4 38. Bf3 Re3 39. Bd5 Na5 40. Bxc4 bxc4 41. Nb4 c3 42. Rde2 cxb2 43. Rxe3 dxe3 44. Nd5 Nc4 45. c3 Bd8 46. Re2 g5 47. Nxe3 Nxe3 48. Rxe3 gxf4 49. Re4 Bf6 1/2-1/2

[Event "HUN-chT2 Erkel 1516"]
[Site "Hungary"]
[Date "2015.10.18"]
[Round "3.4"]
[White "Vass, Istvan"]
[Black "Hevesi, Zoltan"]
[Result "1/2-1/2"]
[WhiteElo "2066"]
[BlackElo "2046"]
[PlyCount "20"]
[EventDate "2015.09.13"]
[EventType "team-tourn"]
[EventRounds "11"]
[EventCountry "HUN"]
[SourceTitle "CBM 170 Extra"]
[Source "ChessBase"]
[SourceDate "2016.02.25"]
[SourceVersion "1"]
[SourceVersionDate "2016.02.25"]
[SourceQuality "1"]
[WhiteTeam "MAFC"]
[BlackTeam "Andornaktalya"]
[WhiteTeamCountry "HUN"]
[BlackTeamCountry "HUN"]

1. e4 e6 2. d4 d5 3. Nd2 c5 4. Ngf3 Nc6 5. Bb5 Nf6 6. e5 Nd7 7. 0-0 Be7 8. c3 cxd4 9. cxd4 Qb6 10. Qa4 0-0 1/2-1/2

[Event "HUN-chT2 Breyer 1415"]
[Site "Hungary"]
[Date "2015.03.01"]
[Round "?"]
[White "Vass, Istvan"]
[Black "Kiss, Laszlo"]
[Result "1/2-1/2"]
[WhiteElo "2056"]
[BlackElo "2050"]
[PlyCount "46"]
[EventDate "2014.09.07"]
[EventType "team-tourn"]
[EventRounds "11"]
[EventCountry "HUN"]
[SourceTitle "EXT 2016"]
[Source "ChessBase"]
[SourceDate "2015.10.08"]
[SourceVersion "1"]
[SourceVersionDate "2015.10.08"]
[SourceQuality "1"]
[WhiteTeam "MAFC"]
[BlackTeam "Nyergesujfalu"]
[WhiteTeamCountry "HUN"]
[BlackTeamCountry "HUN"]

1. e4 d6 2. d4 g6 3. Nf3 Bg7 4. Nc3 Nf6 5. h3 c5 6. d5 0-0 7. a4 e6 8. Bc4 exd5 9. Bxd5 Nxd5 10. Qxd5 Na6 11. 0-0 Nb4 12. Qd1 Be6 13. Nd5 Nxd5 14. exd5 Bf5 15. c3 Re8 16. Bf4 Be4 17. Re1 Qf6 18. Bg3 Rad8 19. a5 Qf5 20. Nh4 Qg5 21. Nf3 Qf5 22. Nh4 Qg5 23. Nf3 Qf5 1/2-1/2

[Event "HUN-chT2 Erkel 1314"]
[Site "Hungary"]
[Date "2014.04.27"]
[Round "11"]
[White "Vass, Istvan"]
[Black "Eberth, Zoltan"]
[Result "1-0"]
[WhiteElo "2058"]
[BlackElo "2166"]
[PlyCount "116"]
[EventDate "2013.09.08"]
[EventType "team-tourn"]
[EventRounds "11"]
[EventCountry "HUN"]
[SourceTitle "EXT 2016"]
[Source "ChessBase"]
[SourceDate "2015.10.08"]
[SourceVersion "1"]
[SourceVersionDate "2015.10.08"]
[SourceQuality "1"]
[WhiteTeam "Budapest MAFC"]
[BlackTeam "Mezokovesd"]
[WhiteTeamCountry "HUN"]
[BlackTeamCountry "HUN"]

1. e4 d5 2. exd5 Qxd5 3. Nc3 Qa5 4. d4 Bf5 5. Nf3 e6 6. Bd2 c6 7. a3 Nf6 8. Ne4 Qc7 9. Nxf6+ gxf6 10. Nh4 Bg6 11. Nxg6 hxg6 12. h4 Nd7 13. Qf3 0-0-0 14. 0-0-0 Bg7 15. Rh3 Nb6 16. Ba5 Rd5 17. b4 Qd7 18. Bxb6 axb6 19. c3 Rdh5 20. g3 g5 21. Be2 gxh4 22. g4 Rg5 23. Bd3 Qd5 24. Qxd5 cxd5 25. Be2 f5 26. f4 Rxg4 27. Bxg4 fxg4 28. Rhh1 h3 29. Rdg1 f5 30. Kd2 Kd7 31. Ke3 Rc8 32. Rc1 Bf6 33. Kd3 Ra8 34. Ra1 Rh8 35. Rag1 Bh4 36. Ke2 Ra8 37. Ra1 Bg3 38. Ke3 h2 39. a4 Rh8 40. Raf1 Rh3 41. Ke2 Bh4 42. Rc1 Bg3 43. Rcf1 Bxf4 44. Rxf4 Rxc3 45. Kf1 Rc2 46. Rf2 Rxf2+ 47. Kxf2 f4 48. Kg2 e5 49. Rxh2 exd4 50. Rh4 Ke6 51. Rxg4 Ke5 52. Kf3 d3 53. Rg1 Kd4 54. Kxf4 Kc3 55. Ke5 d4 56. Rg4 d2 57. Rxd4 Kc2 58. Kd6 d1Q 1-0

[Event "HUN-chT2 Erkel 1314"]
[Site "Hungary"]
[Date "2014.02.16"]
[Round "7.5"]
[White "Kulcsar, Tamas"]
[Black "Vass, Istvan"]
[Result "1/2-1/2"]
[WhiteElo "2064"]
[BlackElo "2058"]
[PlyCount "24"]
[EventDate "2013.09.08"]
[EventType "team-tourn"]
[EventRounds "11"]
[EventCountry "HUN"]
[SourceTitle "EXT 2016"]
[Source "ChessBase"]
[SourceDate "2015.10.08"]
[SourceVersion "1"]
[SourceVersionDate "2015.10.08"]
[SourceQuality "1"]
[WhiteTeam "Vizugy"]
[BlackTeam "Budapest MAFC"]
[WhiteTeamCountry "HUN"]
[BlackTeamCountry "HUN"]

1. d4 e6 2. c4 Bb4+ 3. Bd2 Bxd2+ 4. Qxd2 Nf6 5. Nc3 d5 6. e3 0-0 7. Nf3 c6 8. Bd3 Nbd7 9. 0-0 Re8 10. e4 dxe4 11. Nxe4 Nxe4 12. Bxe4 Nf6 1/2-1/2

[Event "HUN-chT2 Erkel 1314"]
[Site "Hungary"]
[Date "2013.09.08"]
[Round "1.4"]
[White "Frink, Ferenc"]
[Black "Vass, Istvan"]
[Result "1-0"]
[WhiteElo "2082"]
[BlackElo "2058"]
[PlyCount "63"]
[EventDate "2013.09.08"]
[EventType "team-tourn"]
[EventRounds "11"]
[EventCountry "HUN"]
[SourceTitle "EXT 2016"]
[Source "ChessBase"]
[SourceDate "2015.10.08"]
[SourceVersion "1"]
[SourceVersionDate "2015.10.08"]
[SourceQuality "1"]
[WhiteTeam "Gyongyos Matra"]
[BlackTeam "Budapest MAFC"]
[WhiteTeamCountry "HUN"]
[BlackTeamCountry "HUN"]

1. e4 c5 2. b4 cxb4 3. a3 Nc6 4. axb4 Nxb4 5. c3 Nc6 6. d4 d5 7. e5 Qc7 8. Bd3 h5 9. Ne2 Bg4 10. f3 Bd7 11. 0-0 Nh6 12. Nf4 e6 13. Nxh5 Nf5 14. Nf4 g6 15. Ne2 Bh6 16. f4 Bf8 17. g4 Nh4 18. Ba3 a6 19. Bxf8 Kxf8 20. Nd2 Na5 21. Nf3 Nxf3+ 22. Rxf3 Nc4 23. Qc2 Ke7 24. f5 gxf5 25. gxf5 Rag8+ 26. Ng3 Rh3 27. Raf1 Nxe5 28. dxe5 Qxe5 29. Qf2 Qxc3 30. fxe6 fxe6 31. Bf5 Qc7 32. Bxh3 1-0

[Event "HUN-chT2 Erkel 1213"]
[Site "Hungary"]
[Date "2013.02.17"]
[Round "7.4"]
[White "Vass, Istvan"]
[Black "Gubics, Peter"]
[Result "1-0"]
[WhiteElo "2043"]
[BlackElo "2127"]
[PlyCount "75"]
[EventDate "2012.09.16"]
[EventType "team-tourn"]
[EventRounds "11"]
[EventCountry "HUN"]
[SourceTitle "EXT 2014"]
[Source "ChessBase"]
[SourceDate "2013.11.20"]
[SourceVersion "1"]
[SourceVersionDate "2013.11.20"]
[SourceQuality "1"]
[WhiteTeam "Barcza"]
[BlackTeam "Foti"]
[WhiteTeamCountry "HUN"]
[BlackTeamCountry "HUN"]

1. e4 e6 2. d4 d5 3. Nc3 Nf6 4. Bg5 Be7 5. e5 Nfd7 6. Bxe7 Qxe7 7. f4 0-0 8. Nf3 c5 9. dxc5 Nc6 10. Bd3 f6 11. Qe2 fxe5 12. fxe5 Rxf3 13. Qxf3 Ndxe5 14. Qg3 Qxc5 15. 0-0-0 Bd7 16. Rhe1 Nxd3+ 17. Qxd3 Rc8 18. Qb5 Qf2 19. Qf1 Qh4 20. Kb1 Na5 21. Qd3 Kh8 22. Nxd5 Nc4 23. Nc3 Be8 24. Re4 Qxh2 25. Rxc4 Ra8 26. Qf3 h6 27. a3 Bh5 28. Qxb7 Rg8 29. Rc1 Kh7 30. g4 Rb8 31. Qh1 Qxh1 32. Rxh1 Bg6 33. b4 e5 34. g5 h5 35. Kb2 a5 36. Ne4 Bf7 37. Rc7 Bd5 38. Nf6+ 1-0

[Event "HUN-chT2 Erkel 1213"]
[Site "Hungary"]
[Date "2012.10.07"]
[Round "2.4"]
[White "Vass, Istvan"]
[Black "Mizsei, Janos"]
[Result "0-1"]
[WhiteElo "2043"]
[BlackElo "2108"]
[PlyCount "52"]
[EventDate "2012.09.16"]
[EventType "team-tourn"]
[EventRounds "11"]
[EventCountry "HUN"]
[SourceTitle "EXT 2014"]
[Source "ChessBase"]
[SourceDate "2013.11.20"]
[SourceVersion "1"]
[SourceVersionDate "2013.11.20"]
[SourceQuality "1"]
[WhiteTeam "Barcza"]
[BlackTeam "Nagykata"]
[WhiteTeamCountry "HUN"]
[BlackTeamCountry "HUN"]

1. e4 e6 2. d4 d5 3. Nc3 Nf6 4. Bg5 Bb4 5. e5 h6 6. Bd2 Bxc3 7. bxc3 Ne4 8. h4 Nxd2 9. Kxd2 c5 10. Qg4 Kf8 11. Rh3 h5 12. Qf4 Nc6 13. Rf3 Qc7 14. Nh3 Rh6 15. Qg5 cxd4 16. cxd4 Nxd4 17. Rc3 Nc6 18. Nf4 Qa5 19. Kd3 d4 20. Rxc6 bxc6 21. Kxd4 Qd2+ 22. Bd3 c5+ 23. Kxc5 Qxf2+ 24. Kb4 Qd2+ 25. Kc5 Qc3+ 26. Bc4 Ba6 0-1

[Event "HUN-chT2 Erkel 1112"]
[Site "Hungary"]
[Date "2012.01.29"]
[Round "5.8"]
[White "Vass, Istvan"]
[Black "Balogh, Zoltan"]
[Result "1/2-1/2"]
[WhiteElo "2085"]
[BlackElo "1997"]
[PlyCount "70"]
[EventDate "2011.09.25"]
[EventType "team-tourn"]
[EventRounds "11"]
[EventCountry "HUN"]
[SourceTitle "EXT 2013"]
[Source "ChessBase"]
[SourceDate "2012.11.22"]
[SourceVersion "1"]
[SourceVersionDate "2012.11.22"]
[SourceQuality "1"]
[WhiteTeam "MAFC"]
[BlackTeam "Vizugy"]
[WhiteTeamCountry "HUN"]
[BlackTeamCountry "HUN"]

1. e4 c5 2. Nf3 e6 3. d4 cxd4 4. Nxd4 a6 5. Bd3 Nf6 6. 0-0 Qc7 7. Qe2 d6 8. c4 Be7 9. b3 0-0 10. Bb2 Nc6 11. Nxc6 bxc6 12. e5 dxe5 13. Bxe5 Qa5 14. a3 c5 15. f4 Bb7 16. Nd2 Rad8 17. Ra2 Qb6 18. Rb2 Qc6 19. Rf3 Rd7 20. Rg3 g6 21. f5 exf5 22. Bxf5 Rdd8 23. Nf1 Rfe8 24. Ne3 Bf8 25. Bxf6 Qxf6 26. Qf2 Bh6 27. Nf1 Rd1 28. Rb1 Rd4 29. Bg4 Qd6 30. Bf3 Be4 31. Bxe4 Rdxe4 32. Rh3 Bg7 33. Kh1 Re2 34. Qh4 h5 35. Rf3 Qe7 1/2-1/2

[Event "Budapest Karacsonyi op 2nd"]
[Site "Budapest"]
[Date "2010.12.29"]
[Round "4"]
[White "Vass, Istvan"]
[Black "Bogar, Ferenc"]
[Result "1-0"]
[WhiteElo "2079"]
[BlackElo "1847"]
[PlyCount "73"]
[EventDate "2010.12.27"]
[EventType "swiss"]
[EventRounds "7"]
[EventCountry "HUN"]
[SourceTitle "EXT 2022"]
[Source "ChessBase"]
[SourceDate "2021.10.06"]
[SourceVersion "1"]
[SourceVersionDate "2021.10.06"]
[SourceQuality "1"]

1. e4 e6 2. d4 d5 3. Nc3 dxe4 4. Nxe4 Nd7 5. Nf3 Be7 6. Bd3 Ngf6 7. 0-0 Nxe4 8. Bxe4 Nf6 9. Bd3 0-0 10. Ne5 c5 11. dxc5 Bxc5 12. Bg5 h6 13. Bh4 Be7 14. Qf3 Qd4 15. Bxf6 Bxf6 16. Ng4 Bg5 17. Rfe1 Qf4 18. Qxf4 Bxf4 19. g3 Bc7 20. Ne5 Rd8 21. Bf1 Rb8 22. a4 a5 23. Ra3 f6 24. Nf3 Bd7 25. Nd4 e5 26. Nb5 Bxb5 27. Bxb5 Bd6 28. Rd3 Kf8 29. Red1 Ke7 30. Kg2 Bc7 31. Rd7+ Kf8 32. Bc4 Rbc8 33. Be6 Rb8 34. Rf7+ Ke8 35. Rxd8+ Bxd8 36. Rxg7 Be7 37. Rf7 1-0

[Event "Budapest Karacsonyi op 2nd"]
[Site "Budapest"]
[Date "2010.12.28"]
[Round "3"]
[White "Markos, Adam"]
[Black "Vass, Istvan"]
[Result "1/2-1/2"]
[WhiteElo "1878"]
[BlackElo "2079"]
[PlyCount "37"]
[EventDate "2010.12.27"]
[EventType "swiss"]
[EventRounds "7"]
[EventCountry "HUN"]
[SourceTitle "EXT 2022"]
[Source "ChessBase"]
[SourceDate "2021.10.06"]
[SourceVersion "1"]
[SourceVersionDate "2021.10.06"]
[SourceQuality "1"]

1. e4 c5 2. Nf3 d6 3. d4 cxd4 4. Nxd4 Nf6 5. Nc3 a6 6. Be2 e5 7. Nb3 Be7 8. Be3 Be6 9. Qd2 Nbd7 10. 0-0 Rc8 11. Rad1 0-0 12. Kh1 b5 13. a3 Qc7 14. f3 Rfd8 15. Qe1 Nb6 16. Qf2 Nc4 17. Bxc4 bxc4 18. Bb6 Qb8 19. Bxd8 1/2-1/2

[Event "Budapest Karacsonyi op 2nd"]
[Site "Budapest"]
[Date "2010.12.27"]
[Round "1"]
[White "Czipp, Janos"]
[Black "Vass, Istvan"]
[Result "0-1"]
[WhiteElo "1632"]
[BlackElo "2079"]
[PlyCount "76"]
[EventDate "2010.12.27"]
[EventType "swiss"]
[EventRounds "7"]
[EventCountry "HUN"]
[SourceTitle "EXT 2022"]
[Source "ChessBase"]
[SourceDate "2021.10.06"]
[SourceVersion "1"]
[SourceVersionDate "2021.10.06"]
[SourceQuality "1"]

1. d4 Nf6 2. c4 e6 3. Nc3 Bb4 4. Nf3 b6 5. Bg5 h6 6. Bh4 Bb7 7. e3 0-0 8. Be2 d5 9. 0-0 Be7 10. Bg3 Ne4 11. Nxe4 dxe4 12. Nd2 c5 13. Nb3 Nc6 14. d5 exd5 15. Qxd5 Nd4 16. Qxb7 Nxe2+ 17. Kh1 Nxg3+ 18. hxg3 Bf6 19. Rad1 Qe8 20. Nd2 Bxb2 21. Qxe4 Qa4 22. Qb1 Bf6 23. Qb3 Qc6 24. Nf3 Rad8 25. Rd5 Rxd5 26. cxd5 Qd6 27. e4 Rb8 28. Re1 Be5 29. Nd2 b5 30. Rb1 c4 31. Nxc4 bxc4 32. Qxb8+ Qxb8 33. Rxb8+ Bxb8 34. f4 c3 35. e5 c2 36. d6 c1Q+ 37. Kh2 Qd1 38. f5 Bxd6 0-1

[Event "HUN-chT2 Breyer 0910"]
[Site "Hungary"]
[Date "2010.04.11"]
[Round "9"]
[White "Masat, Adam"]
[Black "Vass, Istvan"]
[Result "1/2-1/2"]
[WhiteElo "2184"]
[BlackElo "2100"]
[PlyCount "87"]
[EventDate "2009.11.08"]
[EventType "team-tourn"]
[EventRounds "11"]
[EventCountry "HUN"]
[SourceTitle "EXT 2011"]
[Source "ChessBase"]
[SourceDate "2010.11.26"]
[SourceVersion "1"]
[SourceVersionDate "2010.11.26"]
[SourceQuality "1"]
[WhiteTeam "Torokbalint"]
[BlackTeam "MAFC"]
[WhiteTeamCountry "HUN"]
[BlackTeamCountry "HUN"]

1. e4 d6 2. d4 Nf6 3. Nc3 g6 4. Be3 Bg7 5. Qd2 c6 6. f3 0-0 7. 0-0-0 b5 8. g4 Qa5 9. Kb1 b4 10. Nce2 Na6 11. g5 Nd7 12. h4 c5 13. Nc1 cxd4 14. Bxd4 Bxd4 15. Qxd4 Qe5 16. Nge2 Qxd4 17. Nxd4 Ne5 18. Nd3 Nxd3 19. Bxd3 Nb8 20. Bc4 a6 21. h5 Kg7 22. Rh4 f6 23. hxg6 hxg6 24. gxf6+ Kxf6 25. Rg1 e5 26. Ne2 Kg7 27. Rgh1 Nd7 28. Rh7+ Kf6 29. Bd5 Rb8 30. Rg1 Nb6 31. Rh6 Nxd5 32. Rgxg6+ Ke7 33. Rg7+ Ke8 34. exd5 Rb7 35. Rg3 Rd7 36. c3 bxc3 37. Nxc3 Kd8 38. Ne4 Bb7 39. Nc3 Rf4 40. Rh8+ Kc7 41. Rhg8 Rdf7 42. R8g7 Rxf3 43. Rxf3 Rxg7 44. b4 1/2-1/2

[Event "HUN-chT2 Breyer 0910"]
[Site "Hungary"]
[Date "2010.02.14"]
[Round "6"]
[White "Vass, Istvan"]
[Black "Dolnik, Attila"]
[Result "1/2-1/2"]
[WhiteElo "2100"]
[BlackElo "2171"]
[PlyCount "100"]
[EventDate "2009.11.08"]
[EventType "team-tourn"]
[EventRounds "11"]
[EventCountry "HUN"]
[SourceTitle "EXT 2011"]
[Source "ChessBase"]
[SourceDate "2010.11.26"]
[SourceVersion "1"]
[SourceVersionDate "2010.11.26"]
[SourceQuality "1"]
[WhiteTeam "MAFC"]
[BlackTeam "Kisber Aszar"]
[WhiteTeamCountry "HUN"]
[BlackTeamCountry "HUN"]

1. e4 b6 2. c4 Bb7 3. Nc3 e6 4. d4 Bb4 5. Bd3 f5 6. Qh5+ g6 7. Qe2 Nc6 8. Nf3 Qf6 9. a3 Be7 10. Nb5 Bd8 11. exf5 gxf5 12. d5 Nce7 13. d6 Ng6 14. Bg5 Qf8 15. Bxd8 Kxd8 16. dxc7+ Kc8 17. 0-0 a6 18. Nc3 Kxc7 19. b4 Qg7 20. Rac1 Nf4 21. Qe5+ Qxe5 22. Nxe5 Nf6 23. f3 Rhg8 24. g3 d6 25. Kf2 Nh3+ 26. Kg2 Ng5 27. h4 dxe5 28. hxg5 Rxg5 29. Kf2 Rag8 30. Rg1 e4 31. fxe4 fxe4 32. Be2 e3+ 33. Kxe3 Rxg3+ 34. Rxg3 Rxg3+ 35. Kf4 Rg2 36. b5 a5 37. Rf1 Nd7 38. Bf3 Rg7 39. Ke3 Rg3 40. Ne4 Bxe4 41. Kxe4 e5 42. Kd5 Rg6 43. Ke4 Rf6 44. Rh1 Rf4+ 45. Ke3 Rxc4 46. Rxh7 Kd6 47. Rh6+ Kc5 48. Bc6 Rd4 49. Re6 Rd6 50. Re7 Nf6 1/2-1/2

[Event "HUN-chT2 Breyer 0910"]
[Site "Hungary"]
[Date "2009.11.22"]
[Round "2"]
[White "Vass, Istvan"]
[Black "Rozsa, Sandor"]
[Result "1/2-1/2"]
[WhiteElo "2100"]
[BlackElo "2005"]
[PlyCount "63"]
[EventDate "2009.11.08"]
[EventType "team-tourn"]
[EventRounds "11"]
[EventCountry "HUN"]
[SourceTitle "EXT 2011"]
[Source "ChessBase"]
[SourceDate "2010.11.26"]
[SourceVersion "1"]
[SourceVersionDate "2010.11.26"]
[SourceQuality "1"]
[WhiteTeam "MAFC"]
[BlackTeam "Honved II"]
[WhiteTeamCountry "HUN"]
[BlackTeamCountry "HUN"]

1. e4 c6 2. d4 d5 3. Nc3 dxe4 4. Nxe4 Nd7 5. Nf3 Ngf6 6. Nxf6+ Nxf6 7. h3 Bf5 8. Bc4 e6 9. 0-0 Be7 10. c3 0-0 11. Re1 b5 12. Bd3 Bxd3 13. Qxd3 Qc7 14. Ne5 Rad8 15. Qg3 Rfe8 16. b4 Nd5 17. Qf3 Bf8 18. Bd2 f6 19. Nd3 e5 20. Nc5 Bxc5 21. bxc5 exd4 22. cxd4 Qd7 23. Rxe8+ Rxe8 24. Re1 Rxe1+ 25. Bxe1 Qc7 26. Qe4 Qe7 27. f3 Kf7 28. Bd2 g6 29. Qh4 h5 30. Kf2 f5 31. Qg3 Qc7 32. Qh4 1/2-1/2